Loading...
| Science - Other Science | 0 | 5 | 0 | 2 | 50 | 51 | 87.40 | 1 | 2 |
| Science - Physics | 0 | 4 | 1 | 0 | 35 | 36 | 51.50 | 1 | 4 |
| Philosophy | 0 | 4 | 1 | 1 | 35 | 86 | 99.00 | 0 | 2 |
| Mythology | 0 | 2 | 0 | 0 | 20 | 99 | 117.00 | 0 | 0 |
| History - Other History | 0 | 2 | 0 | 1 | 20 | 71 | 74.50 | 0 | 1 |
| Literature - American Literature | 0 | 1 | 0 | 0 | 10 | 140 | 140.00 | 0 | 0 |
| Literature - British Literature | 0 | 1 | 0 | 0 | 10 | 139 | 139.00 | 0 | 0 |
| Literature - European Literature | 0 | 1 | 0 | 0 | 10 | 40 | 40.00 | 1 | 1 |
| Literature - World/Other Literature | 0 | 1 | 0 | 0 | 10 | 42 | 42.00 | 1 | 1 |
| Other Academic | 0 | 1 | 0 | 0 | 10 | 95 | 95.00 | 0 | 1 |
| History - American History | 0 | 1 | 0 | 0 | 10 | 91 | 91.00 | 0 | 0 |
| History - World History | 0 | 1 | 0 | 1 | 10 | 88 | 88.00 | 0 | 0 |
| Social Science | 0 | 0 | 1 | 0 | -5 | 0.00 | 0 | 0 | |
| Fine Arts - Classical Music | 0 | 0 | 1 | 0 | -5 | 0.00 | 0 | 0 | |
| Fine Arts - Other Fine Arts | 0 | 0 | 2 | 0 | -10 | 0.00 | 0 | 0 | |
| Science - Chemistry | 0 | 0 | 2 | 0 | -10 | 0.00 | 0 | 0 |